Statistics for State Quiz - Queensland

Click here to take the quiz!

General Stats

  • This quiz has been taken 133 times
    (126 since last reset)
  • The average score is 14 of 20

Answer Stats

HintAnswer% Correct
Capital and largest cityBrisbane
98%
States and territories that border QueenslandNew South Wales
98%
States and territories that border QueenslandNorthern Territory
98%
Second largest cityGold Coast
94%
States and territories that border QueenslandSouth Australia
93%
This airline was created to serve regional Queensland and the North TerritoryQantas
85%
State nicknameThe {Sunshine} State
85%
Largest city in North QueenslandTownsville
84%
Queensland was named after this personQueen Victoria
80%
Nicknamed the "Crocodile Hunter"Steve Irwin
79%
One of the seven natural wonders of the worldThe Great Barrier Reef
76%
In 2010, Queensland experienced a deadly and damaging ____Flood
72%
Peninsula in Far North Queensland{Cape} {York} Peninsula
67%
Largest island in QueenslandFraser Island
61%
Island group between Queensland and Papua New Guinea{Torres} {Strait} Islands
60%
State mammalKoala
58%
Gulf on the western side of the aboveGulf of {Carpentaria}
53%
Major naval battle between Australia, the US and Japan in 1942Battle of the {Coral} {Sea}
32%
Queensland is the only state to have a ________ parliamentUnicameral
24%
Longest riverFlinders River
13%

Score Distribution

Percentile by Number Answered

Percent of People with Each Score

Your Score History

You have not taken this quiz since the last reset